ក្រុងឧដុង្គ / (Record no. 4470)

MARC details
000 -LEADER
fixed length control field 02984nam a22003257a 4500
001 - CONTROL NUMBER
control field 4470
003 - CONTROL NUMBER IDENTIFIER
control field FISKH
005 - DATE AND TIME OF LATEST TRANSACTION
control field 20251003123235.0
008 - FIXED-LENGTH DATA ELEMENTS--GENERAL INFORMATION
fixed length control field 240911b cb ||||| |||| 00| 0 eng d
020 ## - INTERNATIONAL STANDARD BOOK NUMBER
International Standard Book Number 9789995088873
040 ## - CATALOGING SOURCE
Original cataloging agency FISKH
Language of cataloging Bilingual
Transcribing agency FISKH
Modifying agency FISKH
050 ## - LIBRARY OF CONGRESS CALL NUMBER
Classification number PZ7
082 ## - DEWEY DECIMAL CLASSIFICATION NUMBER
Classification number 900
100 ## - MAIN ENTRY--PERSONAL NAME
Personal name Kimsun, Sotheary
Relator term Editor
245 ## - TITLE STATEMENT
Title ក្រុងឧដុង្គ /
Statement of responsibility, etc. by Kimsun Sotheary
250 ## - EDITION STATEMENT
Edition statement ចេញផ្សាយខែកុម្ភះ ២០០៨
260 ## - PUBLICATION, DISTRIBUTION, ETC.
Place of publication, distribution, etc. ភ្នំពេញ :
Name of publisher, distributor, etc. Reading Books ;
Date of publication, distribution, etc. ២០០៨​ .
300 ## - PHYSICAL DESCRIPTION
Extent 32 pages :
Other physical details color illustrations ;
Dimensions 26 cm .
490 ## - SERIES STATEMENT
Series statement ពិភពរឿងនិទាន
505 ## - FORMATTED CONTENTS NOTE
Formatted contents note M <br/>
520 ## - SUMMARY, ETC.
Summary, etc. មានព្រះមហាក្សត្រមួយអង្គមានព្រះមហេសីដែលកំពុងមានព្រះគភ៏ហើយប្រសូតបុត្រមកជាស៊ុតដោយនឺកខ្មាសប្រជារាស្រ្តទ្រង់ក៏កាយដីកប់ស៊ុតនោះទៅ ។ ថ្លែងពីព្រានព្រៃម្នាក់ឈ្មោះវិងបានកាយដីយកស៊ុត។ លុះស៊ុតញាស់នាយព្រានក៏បានដាក់ឈ្មោះថា ចៅប្រមាញ់ ។ លុះអ្នកកំលោះនោះចម្រើនវ័យក័ចាប់ចិត្តស្រាលាញ់នារីម្នាក់ឈ្មោះនាងទ្រចើលដេលមានឪពុកម្តាយឈ្មោះតាដុង យាយជ័យ ។​ ខណះពេលនោះដែរព្រះរាជាក៏ចាប់ចិត្តស្រលាញ់នាងដែរ តែនាងមិនព្រមក៏សម្រេចរៀបការជាមួយចៅប្រមាញ់ ។ លុះព្រះរាជាទៅដល់ផ្ទះមង្គលការក៏ដឺងថាចៅប្រមាញ់ជាបុត្ររបស់ខ្លួនទ្រង់ក៏ធ្វើពិធីអភិសេកអោយចៅប្រមាញ់ឡើងសោយរាជ្យជាស្តេចផែនដី​ ។​
520 ## - SUMMARY, ETC.
Summary, etc. There was a king who had a wife who was pregnant and gave birth to an egg in shame. The people buried the egg. According to a hunter named Wing, he dug an egg. When the eggs hatched, the hunter named him the hunter.<br/>When the young man grew up, he fell in love with a woman named Neang Trocheal, who had parents named Ta Dong Yeay Chey.When the king arrived at the wedding house, he learned that the hunter was his son, so he married the hunter to reign as king of the earth.
521 8# - TARGET AUDIENCE NOTE
Target audience note 550 <br/>
Source Lexile estimate <br/>
521 8# - TARGET AUDIENCE NOTE
Target audience note M <br/>
Source Raz-Plus <br/>
650 ## - SUBJECT ADDED ENTRY--TOPICAL TERM
Topical term or geographic name entry element ស៊ុត​
650 ## - SUBJECT ADDED ENTRY--TOPICAL TERM
Topical term or geographic name entry element egg
700 ## - ADDED ENTRY--PERSONAL NAME
Personal name San, Thai
Relator term illustrator
942 ## - ADDED ENTRY ELEMENTS (KOHA)
Source of classification or shelving scheme Dewey Decimal Classification
Koha item type Books
Suppress in OPAC No
Holdings
Withdrawn status Lost status Source of classification or shelving scheme Damaged status Not for loan Collection Home library Current library Shelving location Date acquired Total Checkouts Full call number Barcode Date last seen Copy number Price effective from Koha item type
    Dewey Decimal Classification     Khmer Language Books / សៀវភៅភាសាខ្មែរ Footprints International School Library Network Toul Tom Poung Campus Footprints International School Library Network Toul Tom Poung Campus TTP Primary Khmer Bookshelves 09/11/2024   SOT PZ7 900 FIS04287 09/11/2024 1 09/11/2024 Books
    Dewey Decimal Classification     Khmer Language Books / សៀវភៅភាសាខ្មែរ Footprints International School Library Network Toul Tom Poung Campus Footprints International School Library Network Toul Tom Poung Campus TTP Primary Khmer Bookshelves 09/11/2024   SOT PZ7 900 FIS04303 09/12/2024 2 09/11/2024 Books
    Dewey Decimal Classification     Khmer Language Books / សៀវភៅភាសាខ្មែរ Footprints International School Library Network Toul Tom Poung Campus Footprints International School Library Network Toul Tom Poung Campus TTP Primary Khmer Bookshelves 10/03/2025   SOT PZ7 900 FIS04278 10/03/2025 3 10/03/2025 Books
    Dewey Decimal Classification     Khmer Language Books / សៀវភៅភាសាខ្មែរ Footprints International School Library Network Toul Tom Poung Campus Footprints International School Library Network Toul Tom Poung Campus TTP Primary Khmer Bookshelves 10/03/2025   SOT PZ7 900 FIS03232 10/03/2025 4 10/03/2025 Books
    Dewey Decimal Classification     Khmer Language Books / សៀវភៅភាសាខ្មែរ Footprints International School Library Network Toul Tom Poung Campus Footprints International School Library Network Toul Tom Poung Campus TTP Primary Khmer Bookshelves 11/27/2025   SOT PZ7 900 2025-4934 11/27/2025 5 11/27/2025 Books